Návrh, analýza a testovanie systému pre navigáciu v budovách s využitím WiFi fingerprintingu
Uložené v:
| Hlavný autor: | |
|---|---|
| Ďalší autori: | |
| Médium: | Rukopis Kniha |
| Jazyk: | Slovak |
| Vydavateľské údaje: |
2016
|
| Predmet: | |
| On-line prístup: | http://is.stuba.sk/zp/portal_zp.pl?podrobnosti=107122 |
| Tagy: |
Žiadne tagy, Buďte prvý, kto otaguje tento záznam!
|
MARC
| LEADER | 00000ntm a22000003a 4500 | ||
|---|---|---|---|
| 001 | stuzp55578 | ||
| 003 | SK-STU | ||
| 005 | 20160830113108.0 | ||
| 007 | ta | ||
| 008 | 150427s2015----xo-----f-mn---000-0-slo-d | ||
| 040 | |a STU |b slo | ||
| 041 | 0 | |a slo | |
| 044 | |a xo | ||
| 100 | 1 | |a Duda, Kristián |u 035000 |4 aut |U FEI Fakulta elektrotechniky a informatiky |T FEI Ústav informatiky a matematiky |X 72801 |U E050 |Y 816 |7 72801 | |
| 242 | 0 | 1 | |a Design, analysis and testing of indoor positioning system based on WiFi Fingerprinting |y eng |
| 245 | 1 | 0 | |a Návrh, analýza a testovanie systému pre navigáciu v budovách s využitím WiFi fingerprintingu |
| 260 | |c 2016 | ||
| 300 | |a 49 s., príl., |b CD-ROM | ||
| 650 | 4 | |a IPS |2 eng | |
| 650 | 4 | |a Wi-Fi |2 eng | |
| 650 | 4 | |a Indoor Positioning System |2 eng | |
| 650 | 4 | |a IPS |2 slo | |
| 650 | 4 | |a Interiérový pozičný systém |2 slo | |
| 650 | 4 | |a Wi-Fi |2 slo | |
| 700 | 1 | |a Drozda, Martin |u 035000 |k Z1 |4 ths |U FEI Fakulta elektrotechniky a informatiky |T FEI Ústav informatiky a matematiky |X 71006 |U E050 |Y 816 |7 A000071006 | |
| 856 | 4 | |u http://is.stuba.sk/zp/portal_zp.pl?podrobnosti=107122 | |
| 996 | |b 284ER02223 |c E*Bc- 2223 |l EE35 |s P |a 0 |w stuzp55578_0001 | ||
| SQL | |a stuzp55578 |b DBP |c SLO |d Návrh, analýza a testovanie systému pre navigáciu v budovách s využitím WiFi fingerprintingu |e 72801 |f Duda, Kristián |g 035000 |h 71006 |i Drozda, Martin |j 20160707 |k 73 |l 03 |m http://is.stuba.sk/zp/portal_zp.pl?podrobnosti=107122 |n B-API |o 9.2.9. aplikovaná informatika | ||